| 000 | 00654nam a2200205Ia 4500 | ||
|---|---|---|---|
| 003 | GCL | ||
| 008 | 140319s9999 xx 000 0 ara d | ||
| 040 |
_aGCL / _cGCL |
||
| 082 | 0 | 4 |
_a810.99 _bط ز |
| 100 | 1 | _aعباس طاهر الجبلاوى | |
| 245 | 1 | 0 |
_aذكرياتى مع عباس العقاد / _cعباس طاهر الجبلاوى |
| 300 | _a102 ص | ||
| 490 |
_aالهيئة العامة للاستعلامات _v0 |
||
| 650 | 0 | 4 | _aالشعر العربى |
| 650 | 0 | 4 | _aالادب العربى |
| 650 | 0 | 4 | _aالعصر الحديث |
| 650 | 0 | 4 | _aالنثر العربى |
| 650 | 0 | 4 | _aعباس محمود العقاد |
| 942 |
_2ddc _cBK |
||
| 999 |
_c47783 _d47783 |
||